| 000 | 00612nam a22002177a 4500 | ||
|---|---|---|---|
| 005 | 20130913114626.0 | ||
| 010 | _aENG-107801 | ||
| 020 |
_a9789325964556 _c445.00 |
||
| 035 | _aEN-91334 | ||
| 037 | _bDBAD/PUB | ||
| 082 | _a658.16 | ||
| 100 | _aGodbole, Prasad G | ||
| 245 |
_aMergers, acquisitions and corporate restructuring / _cby Prasad G Godbole |
||
| 250 | _a2nd ed | ||
| 260 |
_aNoida _bVikas Publishing House _c2013 |
||
| 270 |
_aE-28, Sector-8 _bNoida _e201301 |
||
| 300 |
_axix,565 p. _c24cm(pbk) |
||
| 500 | _aIncludes index | ||
| 700 | _a | ||
| 942 |
_2ddc _cEN _mGOD _h658.16 |
||
| 999 |
_c77093 _d77093 |
||